[Event "Zuerich op-B 34th"]
[Site "Zuerich"]
[Date "2010.12.26"]
[Round "1"]
[White "Forster, Martin"]
[Black "Klaus, Ingo"]
[Result "0-1"]
[WhiteElo "2043"]
[BlackElo "2043"]
[PlyCount "88"]
[EventDate "2010.12.26"]
[EventType "swiss"]
[EventRounds "7"]
[EventCountry "SUI"]
[SourceTitle "CBM 140 Extra"]
[Source "ChessBase"]
[SourceDate "2011.03.01"]
[SourceVersion "1"]
[SourceVersionDate "2011.03.01"]
[SourceQuality "1"]

1. e4 e5 2. Nf3 Nc6 3. Bb5 a6 4. Ba4 Nf6 5. 0-0 b5 6. Bb3 Be7 7. Re1 0-0 8. c3 d6 9. h3 Na5 10. Bc2 c5 11. d4 Qc7 12. Nbd2 Nc6 13. Nf1 cxd4 14. cxd4 exd4 15. Bb3 Bb7 16. Nxd4 Nxd4 17. Qxd4 Qc5 18. Qd3 Rfe8 19. Ng3 Rad8 20. Be3 Qc8 21. Bb6 Rd7 22. Rac1 Qa8 23. f3 g6 24. Bd4 Rdd8 25. Qe3 Nd7 26. Qf4 d5 27. e5 Bf8 28. Qg4 Bg7 29. f4 Qb8 30. h4 Nf8 31. h5 Bc8 32. Qf3 Ne6 33. Bf2 d4 34. Ne4 Bb7 35. Qg4 d3 36. Rcd1 Nd4 37. Nf6+ Bxf6 38. exf6 Ne2+ 39. Kf1 Qxf4 40. Qxf4 Nxf4 41. hxg6 hxg6 42. g3 Ne2 43. g4 Bf3 44. g5 d2 0-1